|
|
|
|
| LEADER |
00000nam0a2200000 4500 |
| 001 |
43046 |
| 005 |
20231031015821.0 |
| 010 |
|
|
|a 9854386899
|
| 035 |
|
|
|a (RuTPU)RU\TPU\book\44443
|
| 090 |
|
|
|a 43046
|
| 100 |
|
|
|a 20020925d2002 km y0rusy50 ca
|
| 101 |
0 |
|
|a rus
|
| 102 |
|
|
|a BY
|
| 105 |
|
|
|a a g 001zy
|
| 200 |
1 |
|
|a Вооруженные силы стран мира
|f авт.-сост. В. Н. Шунков
|
| 210 |
|
|
|a Минск
|c Попурри
|d 2002
|
| 215 |
|
|
|a 400 с.
|c ил.
|
| 610 |
1 |
|
|a военное дело
|
| 610 |
1 |
|
|a вооруженные силы
|
| 610 |
1 |
|
|a страны мира
|
| 610 |
1 |
|
|a войска
|
| 610 |
1 |
|
|a сухопутные войска
|
| 610 |
1 |
|
|a военно-морской флот
|
| 610 |
1 |
|
|a военно-воздушные силы
|
| 610 |
1 |
|
|a военный бюджет
|
| 610 |
1 |
|
|a техника
|
| 610 |
1 |
|
|a оружие
|
| 610 |
1 |
|
|a вооружение
|
| 610 |
1 |
|
|a справочники
|
| 686 |
|
|
|a Ц4я2
|v LBC/SL-A
|2 rubbk
|
| 702 |
|
1 |
|a Шунков
|b В. Н.
|g Виктор Николаевич
|4 220
|4 070
|
| 801 |
|
1 |
|a RU
|b 63413507
|c 20020925
|g PSBO
|
| 801 |
|
2 |
|a RU
|b 63413507
|c 20191124
|g PSBO
|
| 942 |
|
|
|c BK
|